00883cam a2200229 a 450000100100000000500170001000800410002704000250006808200180009310000350011124500550014626000380020130000210023950400210026065000430028165000320032491000280035691000070038495201210039195201260051299900150063800000284620200929150253.0810527s1970 ve 001 0 spa  aDO-SdBNPbspacBNPHU aV861.4bG361a1 aGerbasi, Vicente,d1913-9902110aAntología poetica, 1943-1968 /cVicente Gerbasi. aCaracas :bMonte Ávila ,c1970. a366 p. ;c20 cm. aIncluye índice 4aPoesía venezolanaxColecciones99022 4aLiteratura venezolana93816 aCatalogación derivada aWM 001052708MOaGRbGRcHDd2009-07-03iLF1l0oV861.4 G361ap2846-10r2020-06-25w2020-06-25y2ZPréstamo interno 001053728MOaGRbGRcHDd2009-07-03iLF1l0oV861.4 G361ap2846-20r2020-06-25te.2w2020-06-25y2ZPréstamo interno c2680d2680